000
00232nam a22000977a 4500
003
SGT
245
_a
Journal of Clinical Periodontology
260
_b
Black well
_c
2003-2005
300
_a
400,300,400,300,400,450,450,400
942
_2
ddc
_c
BV
999
_c
30264
_d
30264